La social democracia y la crisis Nicaragüense

Shranjeno v:
Bibliografske podrobnosti
Format: Texto
Teme:
Oznake: Označite
Brez oznak, prvi označite!

MARC

LEADER 00000 a a2200000 04500
001 17870
003
040
245 |a La social democracia y la crisis Nicaragüense  
650 |a POLITICA  
650 |a BURGUESIA  
650 |a NICARAGUA  
773 |g volumen 3, número 34; páginas 277  
999 |c 37358  |d 37358